000 00706nam a2200229Ia 4500
001 8807
003 GE_BSU
008 181216s||||||||xx |||||||||||||| ||und||
040 _cGE_BSU
080 _a821.353.1-31
100 _aკალანდაძე,ალექსანდრე
245 _aმწვანე შტო
245 _bრომანი
245 _cრედ:ირ.არაბული;მხატვ:ე.ქიშმარია
260 _aთბილისი.
260 _bსაბჭ.საქართველო
260 _c1979.
300 _a470გვ;21სმ
653 _aმწვანე შტო
653 _aრომანი
942 _cBK
999 _c42116
_d42116